00291nam a2200121Ia 4500008004100000041000800041082001600049100001700065245001800082260003500100300002700135365000700162240624s9999 xx 000 0 und d aeng a005.133 FEU aFEUER ALAN R aC PUZZLE BOOK c2004aDelhibPearson Education aviii, : 179 : cm. ; 24 cRS